• 首页
  • 本馆介绍
  • 公告通知
  • 最新文献
  • 馆藏检索
  • 电子资源
  • 读者导购
  • 参考咨询
  • 我的图书馆
  • 登录
  • 详细信息显示
  • 放入我的书架
  • 预约/预借图书
  • 作者相关作品
  • 分类相关作品
  • 丛书相关作品
  • 出版社相关作品

书目信息

  • 表格格式
  • 工作单格式
  • 卡片格式
题名:
日语口译教程
    
 
作者: 苏琦 编著
分册:  
出版信息: 北京   商务印书馆  1982
页数: 208页
开本: 19cm
丛书名:
单 册:
中图分类: H365.9
科图分类:
主题词: 日语-口译--教材 , 口译-日语--教材
电子资源:
ISBN:
000 00637nam0 2200241 45
001 0182005101
005 20060809094109.62
010    @dCNY0.89
091    @a9017.1178
100    @a19950619d1982 em y0chiy0121 ea
101 2  @achi@ajpn
102    @aCN@b110000
105    @ay z 000yy
200 10 @a日语口译教程@Ari yu kou yi jiao cheng@f苏琦编著
210    @a北京@c商务印书馆@d1982
215    @a208页@d19cm
606    @a日语-口译@x教材
606    @a口译-日语@x教材
690    @aH365.9@v3
701  0 @a苏琦@Asu qi@4编著
801  2 @aCN@bNLC@c20060809
801  0 @aCN@b上海图书馆@c20040510
905    @f2@b201944-945@dH365.9@e163
    
    日语口译教程/苏琦编著.-北京:商务印书馆,1982
    208页;19cm
    
    
    ISBN :CNY0.89
    
●
相关链接 在E读中查询图书 在五车中查询图书 在当当中查询图书 在豆瓣中查询图书


正题名:日语口译教程     索取号:H365.9/163         预约/预借

序号 登录号 条形码 馆藏地/架位号 状态 备注
1 0201944   001167677   第四借阅区/ [索取号:H365.9/163] 在馆    
2 0201945   001167659   第四借阅区/ [索取号:H365.9/163] 在馆    
3 0201946   001167668   第二样本阅览室/ [索取号:H365.9/163] 在馆    
4 0453225   204532256   密集书库/ [索取号:H365.9/163] 在馆    
5 0453226   204532265   密集书库/ [索取号:H365.9/163] 在馆    
唐山师范学院图书馆 欢迎您!
大连网信软件有限公司© 版权所有